Contemporary India and its modernization (Record no. 94376)

MARC details
000 -LEADER
fixed length control field 00405nam a2200145Ia 4500
005 - DATE AND TIME OF LATEST TRANSACTION
control field 20240821155035.0
008 - FIXED-LENGTH DATA ELEMENTS--GENERAL INFORMATION
fixed length control field 240821s9999||||xx |||||||||||||| ||und||
082 ## - DEWEY DECIMAL CLASSIFICATION NUMBER
Classification number 309.154 DUB
100 ## - MAIN ENTRY--PERSONAL NAME
Personal name Dube, S.C.
245 #0 - TITLE STATEMENT
Title Contemporary India and its modernization
260 ## - PUBLICATION, DISTRIBUTION, ETC.
Place of publication, distribution, etc. Delhi
Name of publisher, distributor, etc. Vikas Publishing House Pvt. Ltd.
Date of publication, distribution, etc. 1974
300 ## - PHYSICAL DESCRIPTION
Extent 145p
650 ## - SUBJECT ADDED ENTRY--TOPICAL TERM
Topical term or geographic name entry element SOCIAL CONDITIONS AND SOCIAL PLANNING
942 ## - ADDED ENTRY ELEMENTS (KOHA)
Koha item type Book
Holdings
Withdrawn status Lost status Damaged status Not for loan Home library Current library Date acquired Total checkouts Barcode Date last seen Price effective from Koha item type
        Library and Documentation Division NCERT Library and Documentation Division NCERT 08/21/2024   79388 08/21/2024 08/21/2024 Book